| 000 | 00658nam a2200205Ia 4500 | ||
|---|---|---|---|
| 008 | 140626s9999 xx 000 0 und d | ||
| 100 | _aMadsen, Peter. | ||
| 245 |
_aPerils and profits : _b a reexamination of the link between profitability and safety in US aviation / _cPeter Madsen. |
||
| 260 | _cc2013. | ||
| 300 | _a39 : 3, page 763 | ||
| 440 | _aJournal of Management | ||
| 521 | _aBSBA | ||
| 650 | _aBehavioral theory of the firm. | ||
| 650 | _aCorporate social performance. | ||
| 650 | _aFinancial performance-safety link. | ||
| 650 | _aOrganizational safety. | ||
| 650 | _aProfit motive. | ||
| 650 | _aUs airline industry. | ||
| 942 | _cSE | ||
| 999 |
_c121028 _d121028 |
||